[Event "AUTO-ADV-4893"]
[Site "http://www.queenalice.com/game.php?id=1863223"]
[Date "2025.9.20"]
[Round "1"]
[White "rocha"]
[Black "maurice916"]
[Result "0-1"]
[WhiteElo "1721"]
[BlackElo "1879"]

1. e4 c6 2. Bc4 d5 3. exd5 cxd5 4. Bb5+ Bd7 5. Na3 e6 6. Qe2 Bxa3 7. bxa3 Nc6 8.
Bb2 Nge7 9. O-O-O Qb6 10. Nh3 O-O-O 11. Qd3 Kb8 12. Bc3 f6 13. Qg3+ Ka8 14. a4
Nf5 15. Qd3 d4 16. Bb2 e5 17. Ba3 a6 18. Bc4 Rc8 19. Qb3 Qxb3 20. axb3 Na7 21.
d3 Bc6 22. Rhg1 Nh6 23. Be6 Rce8 24. Bc4 Ng4 25. Bf7 Rd8 26. f3 Ne3 27. Rd2 Nd5
28. Kb2 Nc3 29. Nf2 Kb8 30. Bb4 Nd5 31. Bc5 Nc8 32. a5 Nd6 33. Bxd6+ Rxd6 34.
Ne4 Rdd8 35. Ra1 Rhf8 36. Bxd5 Bxd5 37. g3 h6 38. c4 dxc3+ 39. Kxc3 Rc8+ 40. Kb2
Rfd8 41. b4 Bc6 42. Rad1 Rd4 43. Kc3 Bb5+ 44. Nc5 Ka7 45. Kb3 Rc6 46. Ne6 Rxe6
47. Rc1 Rxd3+ 48. Rxd3 Bxd3 49. Rc3 Bb5 50. Ka3 Rd6 51. Re3 Rd3+ 52. Rxd3 Bxd3
53. Kb3 b6 54. axb6+ Kxb6 0-1

[Event "AUTO-ADV-4893"]
[Site "http://www.queenalice.com/game.php?id=1863224"]
[Date "2025.9.20"]
[Round "1"]
[White "maurice916"]
[Black "rocha"]
[Result "1-0"]
[WhiteElo "1824"]
[BlackElo "1679"]

1. Nf3 f6 2. e4 e5 3. d4 Be7 4. dxe5 f5 5. exf5 c6 6. Bf4 d5 7. Bd3 Qa5+ 8. c3
Nd7 9. O-O h6 10. h3 b6 11. Nbd2 b5 12. Nb3 Qb6 13. Be3 Qc7 14. g3 Nxe5 15. Nxe5
Qxe5 16. Bf4 Qf6 17. g4 Qh4 18. Kg2 Bd7 19. Re1 O-O-O 20. Qe2 Re8 21. Qe5 Qxf2+
22. Kxf2 Bh4+ 23. Kf3 Rxe5 24. Rxe5 Ne7 25. Nc5 Re8 26. Nxd7 Kxd7 27. Bc2 Bf6
28. Re6 Nc8 29. Rae1 Rxe6 30. Rxe6 Ne7 31. Bg3 Ng6 32. Rxf6 Ne5+ 33. Bxe5 gxf6
34. Bxf6 1-0

[Event "Let's Play Chess!"]
[Site "http://www.queenalice.com/game.php?id=1863287"]
[Date "2025.9.25"]
[Round "-"]
[White "Charles56"]
[Black "rocha"]
[Result "1-0"]
[WhiteElo "1749"]
[BlackElo "1689"]

1. Nc3 c6 2. e4 e5 3. d4 a6 4. dxe5 Bc5 5. Nh3 h6 6. Bc4 Qe7 7. Qf3 Bd4 8. Bf4
Kf8 9. O-O-O Bxc3 10. Qxc3 Rh7 11. f3 b5 12. Bb3 Ra7 13. Qd4 c5 14. Qe3 Nc6 15.
g4 Nxe5 16. a3 Nf6 17. Bxe5 Qxe5 18. g5 Ng8 19. g6 fxg6 20. Nf4 Ne7 21. Rhg1 g5
22. Nd3 Nf5 23. Qxc5+ Qxc5 24. Nxc5 Ne3 25. Rd3 d6 26. Rxe3 dxc5 27. c3 c4 28.
Bc2 Rh8 29. f4 gxf4 30. Rf3 Rf7 31. e5 Be6 32. Bg6 Rf6 33. exf6 gxf6 34. Rxf4
Ke7 35. Bh5 Rh7 36. Bg4 Rf7 37. Re1 Rf8 38. Rxe6+ 1-0

[Event "AUTO-OPEN-4617"]
[Site "http://www.queenalice.com/game.php?id=1863711"]
[Date "2025.10.2"]
[Round "1"]
[White "Ditto"]
[Black "rocha"]
[Result "0-1"]
[WhiteElo "1730"]
[BlackElo "1705"]

1. e4 e5 2. Nf3 f6 3. Bc4 Ne7 4. d4 Nbc6 5. c3 d5 6. exd5 Na5 7. Bb5+ Bd7 8. Qd3
Ng6 9. h3 Qe7 10. Bxd7+ Qxd7 11. dxe5 Nxe5 12. Nxe5 fxe5 13. O-O O-O-O 14. Qe3
b6 15. Rd1 Bd6 16. Qe2 b5 17. Na3 a6 0-1

[Event "AUTO-OPEN-4617"]
[Site "http://www.queenalice.com/game.php?id=1863712"]
[Date "2025.10.2"]
[Round "1"]
[White "rocha"]
[Black "Ditto"]
[Result "1-0"]
[WhiteElo "1722"]
[BlackElo "1531"]

1. d4 d5 2. Bf4 Nf6 3. f3 Nc6 4. c3 Bf5 5. e3 e6 6. Bd3 Bxd3 7. Qxd3 a6 8. Nd2
h6 9. Ne2 Nh5 10. Nb3 Nxf4 11. Nxf4 Bd6 12. O-O-O Qg5 13. g3 O-O 14. Nh3 Qe7 15.
f4 b6 16. Nf2 a5 17. e4 dxe4 18. Qxe4 Qd7 19. Nd3 1-0

[Event "AUTO-OPEN-4617"]
[Site "http://www.queenalice.com/game.php?id=1863739"]
[Date "2025.10.2"]
[Round "1"]
[White "rocha"]
[Black "maurice916"]
[Result "1-0"]
[WhiteElo "1680"]
[BlackElo "1896"]

1. d4 d5 2. Qd3 Nf6 3. f3 e6 4. Nh3 c5 5. a3 cxd4 6. Qxd4 Nc6 7. Qd3 Be7 8. Be3
d4 9. Bf2 e5 10. e4 h6 11. Nd2 O-O 12. Be2 a6 13. Bg3 Bd6 14. f4 Re8 15. O-O b5
16. b3 Bb7 17. f5 Nh7 18. Bh5 Nf6 19. Qf3 Nxh5 20. Qxh5 Qf6 21. Bh4 g5 22. Nxg5
hxg5 23. Bxg5 Qg7 24. f6 Qg6 25. Qxg6+ fxg6 26. f7+ Kh7 27. fxe8=Q Rxe8 28. Rf7+
Kg8 29. Rxb7 Re6 30. a4 b4 31. Rf1 Bb8 32. Bh6 Re8 33. Rg7+ Kh8 34. Rxg6 Nd8 35.
Rff6 a5 36. Rf8+ Rxf8 37. Bxf8 Ba7 38. Kf1 Bb8 39. Nf3 Nf7 40. h4 Nd8 41. Ng5
Bc7 42. Bd6 Bb6 43. Bxe5# 1-0

[Event "AUTO-OPEN-4617"]
[Site "http://www.queenalice.com/game.php?id=1863740"]
[Date "2025.10.2"]
[Round "1"]
[White "maurice916"]
[Black "rocha"]
[Result "1-0"]
[WhiteElo "1888"]
[BlackElo "1688"]

1. Nf3 f6 2. b3 d6 3. d4 d5 4. Bb2 c6 5. e3 Nh6 6. Nbd2 Nd7 7. Bd3 Nb6 8. O-O
Qc7 9. e4 Ng4 10. h3 Nh6 11. Re1 Be6 12. e5 Qd7 13. c4 Bxh3 14. gxh3 Qxh3 15.
Bf1 Qg4+ 16. Bg2 e6 17. exf6 gxf6 18. Nf1 Rg8 19. Ng3 Be7 20. Nh2 Qg6 21. Rxe6
Nd7 22. Qe2 O-O-O 23. Rxe7 Nf5 24. Rxd7 Kxd7 25. cxd5 Rge8 26. dxc6+ bxc6 27.
Qa6 Nxd4 28. Bxd4 Re6 29. Bh3 f5 30. Bxf5 Qf7 31. Qxa7+ Ke8 32. Qxf7+ Kxf7 33.
Bxe6+ Kxe6 34. Be3 Rg8 35. Rd1 h5 36. Kf1 h4 37. Nh5 Kf5 38. Nf4 Ra8 39. Rd2 Ra5
40. Nf3 Kg4 41. Nh2+ Kf5 42. f3 Ke5 43. Kg2 Ra8 44. Kh3 Rh8 45. Ng6+ 1-0

[Event "AUTO-OPEN-4617"]
[Site "http://www.queenalice.com/game.php?id=1863741"]
[Date "2025.10.2"]
[Round "1"]
[White "rocha"]
[Black "mvson33"]
[Result "1-0"]
[WhiteElo "1669"]
[BlackElo "1776"]

1. d4 d5 2. Nd2 Nf6 3. f3 e6 4. Nb3 Be7 5. Qd3 O-O 6. Nh3 b6 7. Bf4 Bb7 8. Qe3
Nbd7 9. Qd3 c5 10. Nd2 cxd4 11. Qxd4 Rc8 12. c3 Qc7 13. Bxc7 1-0

[Event "AUTO-OPEN-4617"]
[Site "http://www.queenalice.com/game.php?id=1863742"]
[Date "2025.10.2"]
[Round "1"]
[White "mvson33"]
[Black "rocha"]
[Result "1-0"]
[WhiteElo "1868"]
[BlackElo "1713"]

1. e4 e5 2. Nf3 f6 3. Bc4 Ne7 4. d3 a6 5. O-O c6 6. Nc3 d5 7. exd5 c5 8. a3 Qd6
9. Be3 Bg4 10. Na4 Nd7 11. Nc3 f5 12. Bd2 Qg6 13. Kh1 h6 14. h3 Qh5 15. Kh2 Ng6
16. Kg1 Bxf3 17. Qxf3 Qxf3 18. gxf3 b5 19. Ba2 Bd6 20. Kh1 O-O 21. Rg1 Kh7 22.
Rae1 Nh4 23. Rd1 Rf6 24. f4 exf4 25. Ne2 g5 26. Rgf1 f3 27. Ng3 g4 28. hxg4 Bxg3
29. fxg3 fxg4 30. gxh4 g3 31. Kg1 Rg8 32. Be3 Rg4 33. h5 Rh4 34. d6 g2 35. Rfe1
Rh1+ 36. Kf2 Rxh5 37. Bb1 Rh3 38. c3 Rxd6 39. d4+ Kg7 40. Rd3 Rg6 41. Rdd1 Rh2
42. Rg1 Rf6 43. dxc5 Ne5 44. Bd4 Ng4+ 45. Kg3 f2 46. Bxf2 Nxf2 47. Kxh2 Nxd1 48.
Rxg2+ Kf8 49. Rd2 Ne3 50. Rd6 Rf2+ 51. Kg3 Rg2+ 52. Kf3 Rxb2 53. Kxe3 Rxb1 54.
Rxh6 Rd1 55. Rxa6 Rd5 56. Ra5 Rxc5 57. Kd4 Rc4+ 58. Kd3 Rc5 59. a4 Rd5+ 60. Ke4
Rc5 61. Rxb5 Rc4+ 62. Kd3 Rxa4 63. c4 Ke8 64. Kd4 Kd7 65. Kd5 Ra6 66. c5 Kc7 67.
Rb1 Rc6 68. Rh1 Kb7 69. Rh7+ Rc7 70. c6+ Kb8 71. Rh8+ Rc8 72. Rh1 Kc7 73. Rb1
Rd8+ 74. Kc5 Rd6 75. Rb7+ 1-0

[Event "Let's Play Chess!"]
[Site "http://www.queenalice.com/game.php?id=1864428"]
[Date "2025.10.18"]
[Round "-"]
[White "rocha"]
[Black "WoodpusherKid"]
[Result "0-1"]
[WhiteElo "1690"]
[BlackElo "2535"]

1. e4 e5 2. Bc4 Nf6 3. Qe2 Bc5 4. Qf3 Nc6 5. c3 O-O 6. h3 d5 7. Bd3 Be6 8. Ne2
dxe4 9. Bxe4 Bxf2+ 10. Kxf2 Nxe4+ 11. Qxe4 f5 12. Qe3 f4 13. Qf3 e4 14. Qxe4 Bd5
15. Qd3 Ne5 16. Qd4 Qh4+ 17. Kf1 Bxg2+ 18. Kxg2 f3+ 19. Kh2 Ng4+ 20. Kg1 Qe1#
0-1

[Event "AUTO-ADV-4901"]
[Site "http://www.queenalice.com/game.php?id=1864905"]
[Date "2025.10.29"]
[Round "1"]
[White "Daniel1962"]
[Black "rocha"]
[Result "1-0"]
[WhiteElo "1845"]
[BlackElo "1691"]

1. e4 e5 2. Bc4 Qe7 3. Nf3 h6 4. Nc3 c6 5. d4 d6 6. dxe5 dxe5 7. Be3 Qc7 8. h3
Bd6 9. Nh4 Ne7 10. Qf3 Rf8 11. Nf5 Bxf5 12. exf5 Ng8 13. Ne4 Qe7 14. Qg4 g5 15.
f6 Qd7 16. Nxd6+ Kd8 17. Qxd7+ Nxd7 18. Nxb7+ Kc7 19. Na5 Ngxf6 20. O-O Ne4 21.
b4 f6 22. Rfd1 Rfd8 23. Be6 Nb6 24. Bxb6+ axb6 25. Rxd8 Rxd8 26. Nc4 Nc3 27. a4
Ne2+ 28. Kh2 Nd4 29. Bf7 Nxc2 30. Rb1 Nd4 31. a5 b5 32. Ne3 Kb7 33. Ng4 Rf8 34.
Nxh6 f5 35. Bg6 Rf6 36. Nxf5 Nxf5 37. Bxf5 Rxf5 38. f3 Ka6 39. Kg3 Rf4 40. Re1
Rf5 41. Kg4 Rf4+ 42. Kxg5 Rxb4 43. h4 Kxa5 44. h5 Rd4 45. Rxe5 Rd5 46. Rxd5 cxd5
47. h6 b4 48. h7 d4 49. h8=Q d3 50. Qd8+ 1-0

[Event "AUTO-ADV-4901"]
[Site "http://www.queenalice.com/game.php?id=1864906"]
[Date "2025.10.29"]
[Round "1"]
[White "rocha"]
[Black "Daniel1962"]
[Result "0-1"]
[WhiteElo "1701"]
[BlackElo "1845"]

1. e3 d5 2. Ne2 Bf5 3. Nd4 e6 4. h3 Nf6 5. Bd3 Bxd3 6. cxd3 Bd6 7. Qa4+ c6 8.
Nc3 O-O 9. Nce2 Be5 10. Nf3 Bd6 11. b3 Na6 12. Bb2 Nb4 13. O-O Nxd3 14. Bc3 Ne4
15. Qd4 Nxc3 16. Qxc3 Nb4 17. a3 Na6 18. Ng3 Bxg3 19. fxg3 b5 20. Nh4 Nc7 21.
Rf4 Qg5 22. Rg4 Qh6 23. Rf1 f5 24. Rgf4 Qg5 25. R4f3 Qe7 26. b4 a6 27. d4 Qd6
28. Rf4 Ne8 29. Qd3 Nf6 30. Qe2 Ne4 31. R1f3 a5 32. Nxf5 Rxf5 33. Rxf5 exf5 34.
Rxf5 Nxg3 35. Qg4 Nxf5 36. Qxf5 axb4 37. Qe5 Qxe5 38. dxe5 b3 0-1

[Event "AUTO-ADV-4901"]
[Site "http://www.queenalice.com/game.php?id=1864930"]
[Date "2025.10.29"]
[Round "1"]
[White "MHRangel"]
[Black "rocha"]
[Result "0-1"]
[WhiteElo "1686"]
[BlackElo "1730"]

1. d4 d5 2. c4 Be6 3. e3 dxc4 4. Nc3 c6 5. Nf3 f6 6. Be2 b5 7. O-O Nh6 8. b3 Qc7
9. bxc4 Bxc4 10. Bxc4 bxc4 11. Qa4 Ng4 12. Qxc4 Nd7 13. Nd5 Qd6 14. Bd2 cxd5 15.
Qa4 e6 16. Rab1 Be7 17. a3 O-O 18. h3 Nh6 19. Bb4 Nb6 20. Bxd6 Nxa4 21. Bxe7
Rfe8 22. Bc5 a5 23. Rb5 Nc3 24. Rb2 Nf5 25. Rc2 Ne4 26. Nh2 Rec8 0-1

[Event "Let's Play Chess!"]
[Site "http://www.queenalice.com/game.php?id=1864940"]
[Date "2025.10.30"]
[Round "-"]
[White "Olavio"]
[Black "rocha"]
[Result "1-0"]
[WhiteElo "2080"]
[BlackElo "1703"]

1. c4 e6 2. g3 Ne7 3. Bg2 c6 4. Nf3 f6 5. O-O Nf5 6. d3 h5 7. e4 Nh6 8. Nh4 Rg8
9. Qxh5+ Nf7 10. Ng6 Be7 11. Qh7 Rf8 12. Qxg7 d6 13. Nc3 Rg8 14. Qxg8+ Bf8 15.
Qxf8+ Kd7 16. Qxf7+ Qe7 17. Qxe7# 1-0

[Event "AUTO-ADV-4905"]
[Site "http://www.queenalice.com/game.php?id=1865969"]
[Date "2025.11.22"]
[Round "1"]
[White "EdsonEstevam"]
[Black "rocha"]
[Result "1-0"]
[WhiteElo "1696"]
[BlackElo "1723"]

1. e4 e5 2. Nf3 f6 3. d4 Nc6 4. a3 d5 5. exd5 Qxd5 6. Nc3 Qd7 7. dxe5 Nxe5 8.
Nxe5 Qxd1+ 9. Nxd1 fxe5 10. Nc3 c6 11. Bg5 Bc5 12. Ne4 Be7 13. Bc4 Bxg5 14. Nxg5
Nh6 15. O-O Bf5 16. c3 O-O-O 17. Be6+ Bxe6 18. Nxe6 Rd7 19. h3 Re8 20. Nc5 Rd5
21. b4 Kc7 22. c4 Rd4 23. Rac1 Nf5 24. a4 Re7 25. g3 Nd6 26. Rfd1 Rxd1+ 27. Rxd1
Nxc4 28. Rc1 Nd2 29. Kg2 e4 30. Re1 Kd6 31. Rd1 Kc7 32. Rxd2 e3 33. Re2 b6 34.
Nb3 Kb7 35. fxe3 Re4 36. Nd4 c5 37. bxc5 1-0

[Event "AUTO-ADV-4905"]
[Site "http://www.queenalice.com/game.php?id=1865970"]
[Date "2025.11.22"]
[Round "1"]
[White "rocha"]
[Black "EdsonEstevam"]
[Result "0-1"]
[WhiteElo "1706"]
[BlackElo "1713"]

1. b3 e5 2. e4 Nf6 3. f3 Nc6 4. c3 d5 5. Qe2 dxe4 6. fxe4 Bd7 7. Bb2 Bg4 8. Nf3
Bc5 9. h3 Bxf3 10. Qxf3 O-O 11. d3 a5 12. a4 Re8 13. Nd2 Re6 14. O-O-O Qe7 15.
Nc4 Rd8 16. Ne3 Ba3 17. Nc2 Bxb2+ 18. Kxb2 Na7 19. Qf2 Ra8 20. d4 Rd8 21. Qe3 c5
22. d5 Rb6 23. Bc4 Rbd6 24. Na3 Rb6 25. Ka2 Rbd6 26. Qf3 Rb8 27. Qe2 Nd7 28. h4
h6 29. g3 Nf6 30. Rhf1 Qd7 31. Rf5 Qd8 32. Rxe5 b6 33. Bb5 h5 0-1

[Event "AUTO-ADV-4905"]
[Site "http://www.queenalice.com/game.php?id=1865989"]
[Date "2025.11.22"]
[Round "1"]
[White "rocha"]
[Black "marcoswerneck"]
[Result "0-1"]
[WhiteElo "1744"]
[BlackElo "1864"]

1. b3 e5 2. e4 d6 3. Na3 a6 4. Bb2 Nc6 5. c3 Nf6 6. f3 Be6 7. Ne2 Be7 8. Ng3 h6
9. Bc4 Bxc4 10. Nxc4 Qd7 11. Ne3 Qe6 12. Ngf5 Rg8 13. g4 O-O-O 14. d4 Bf8 15. d5
Qd7 16. Nc4 g6 17. Nfe3 Be7 18. dxc6 Qxc6 19. Ba3 Bf8 20. Bb2 Bg7 21. Nd5 Nxd5
22. exd5 Qd7 23. Qe2 Rde8 24. O-O-O f5 25. Rhg1 f4 26. h3 g5 0-1

[Event "AUTO-ADV-4905"]
[Site "http://www.queenalice.com/game.php?id=1865990"]
[Date "2025.11.22"]
[Round "1"]
[White "marcoswerneck"]
[Black "rocha"]
[Result "1-0"]
[WhiteElo "1875"]
[BlackElo "1733"]

1. e4 e5 2. d3 Na6 3. a3 c6 4. Be3 d5 5. d4 dxe4 6. Be2 Qd5 7. Nc3 Qd6 8. dxe5
Qxe5 9. Bd4 Qf5 10. Qd2 Nc7 11. Qe3 Nf6 12. Bxf6 gxf6 13. Nxe4 Be6 14. O-O-O Be7
15. h3 Qa5 16. Nf3 Nd5 17. Qd2 Bb4 18. c3 Bf8 19. Nd4 O-O-O 20. Nb3 Qb6 21. f4
Qxb3 22. Bd3 Bg7 23. Nc5 Qa2 24. Nxe6 1-0